Katseye Members Rush - Statistics

General Stats
  • This quiz has been taken 147 times
  • The average score is 5 of 6
Answer Stats
Answer % Correct
Manon
88%
Sophia
88%
Lara
86%
Megan
86%
Daniela
76%
Yoonchae
76%
No matching quizzes found
Score Distribution
Percent of People with Each Score
Percentile by Number Answered
Your Score History
You have not taken this quiz